Inmersos en el aire miramos al cielo: los fenómenos atmosféricos y astronómicos

Zapisane w:
Opis bibliograficzny
Główni autorzy: García Barros, Susana (Autor), Martínez Losada, Cristina (Autor)
Format: Książka
Język:hiszpański
Wydane: Barcelona Graó 2013
Wydanie:1a. ed
Seria:Ciencias en Primaria, 3
Hasła przedmiotowe:
Etykiety: Dodaj etykietę
Nie ma etykietki, Dołącz pierwszą etykiete!

MARC

LEADER 00000cam a2200000 a 4500
001 UCE5089
003 CL-VaPUC
008 141204e20130300sp |||||||||||||||||spa|d
020 |a 9788499804972 
082 0 4 |a 523.1  |b GAR  |2 21 
100 0 |a García Barros, Susana  |e author  |9 577584 
700 0 |a Martínez Losada, Cristina  |e author  |9 577585 
245 1 0 |a Inmersos en el aire miramos al cielo: los fenómenos atmosféricos y astronómicos 
250 |a 1a. ed 
300 |a 155 p 
942 |c BK 
945 |d 20141204 15:21:00  |a dcastane 
260 |a Barcelona  |b Graó  |c 2013 
650 0 |a Astronomía  |9 260985 
650 0 |a Enseñanza de las ciencias  |9 331919 
583 |a last modification  |c 20141204 15:21:00  |k Rodrigo Vera 
490 0 |a Ciencias en Primaria, 3 
999 |c 357908  |d 357906 
952 |0 0  |1 0  |3 erb  |4 0  |6 523_100000000000000_GAR_2013  |7 0  |8 A  |9 466058  |a BIBEDU  |b BIBEDU  |i 5128048  |o 523.1 GAR 2013  |p 5128048  |r 2019-11-23  |w 2019-11-23  |y BK  |z Catalogado en:20141204  |k EBA 
952 |0 0  |1 0  |3 erb  |4 0  |6 523_100000000000000_GAR_2013  |7 0  |8 A  |9 466059  |a BIBEDU  |b BIBEDU  |i 512803K  |o 523.1 GAR 2013  |p 512803K  |r 2019-11-23  |w 2019-11-23  |y BK  |z Catalogado en:20141204  |k EBA 
952 |0 0  |1 0  |3 erb  |4 0  |6 523_100000000000000_GAR_2013  |7 0  |8 A  |9 466060  |a BIBEDU  |b BIBEDU  |i 5128021  |o 523.1 GAR 2013  |p 5128021  |r 2019-11-23  |w 2019-11-23  |y BK  |z Catalogado en:20141204  |k EBA